[Event "Oberbayern-ch"]
[Site "Groebenzell"]
[Date "2018.05.10"]
[Round "2.12"]
[White "Holzmayr, Norbert"]
[Black "Lippert, Frank"]
[Result "0-1"]
[WhiteElo "1712"]
[BlackElo "2032"]
[PlyCount "48"]
[EventDate "2018.05.10"]
[EventType "swiss"]
[EventRounds "7"]
[EventCountry "GER"]
[SourceTitle "EXT 2022"]
[Source "ChessBase"]
[SourceDate "2021.10.06"]
[SourceVersion "1"]
[SourceVersionDate "2021.10.06"]
[SourceQuality "1"]

1. d4 Nf6 2. Bg5 c5 3. d5 Qb6 4. Nc3 d6 5. e4 Nbd7 6. f3 g6 7. Qc1 Bg7 8. Bb5 a6 9. Ba4 Qc7 10. Bxd7+ Bxd7 11. a4 0-0 12. h4 b5 13. Bh6 b4 14. Bxg7 Kxg7 15. Nd1 e6 16. h5 exd5 17. exd5 Rae8+ 18. Kf1 Re5 19. hxg6 fxg6 20. c4 bxc3 21. Qh6+ Kg8 22. Nxc3 Bf5 23. Rd1 Ng4 24. fxg4 Bd3# 0-1

[Event "Oberbayern-ch"]
[Site "Hochstaett am Inn"]
[Date "2017.05.28"]
[Round "1.9"]
[White "Linner, Christian"]
[Black "Holzmayr, Norbert"]
[Result "0-1"]
[WhiteElo "2001"]
[BlackElo "1692"]
[PlyCount "114"]
[EventDate "2017.05.28"]
[EventType "swiss"]
[EventRounds "7"]
[EventCountry "GER"]
[SourceTitle "EXT 2022"]
[Source "ChessBase"]
[SourceDate "2021.10.06"]
[SourceVersion "1"]
[SourceVersionDate "2021.10.06"]
[SourceQuality "1"]

1. c4 f5 2. g3 Nf6 3. Bg2 g6 4. d3 Bg7 5. e4 c6 6. e5 Qa5+ 7. Nc3 Qxe5+ 8. Nge2 Qc7 9. d4 d6 10. Bg5 0-0 11. Qd2 e5 12. Bh6 Be6 13. Bxg7 Kxg7 14. d5 Bd7 15. dxc6 Bxc6 16. Nd5 Bxd5 17. cxd5 Na6 18. 0-0 Qb6 19. Rac1 Rac8 20. h3 Rc5 21. Rxc5 dxc5 22. Nc3 Nb8 23. Rd1 a6 24. Qe2 Qd6 25. a4 Nbd7 26. a5 Nh5 27. Na4 f4 28. g4 f3 29. Bxf3 Nf4 30. Qe3 Nxh3+ 31. Kg2 Nf4+ 32. Kh1 g5 33. Bg2 Nxg2 34. Kxg2 Rf4 35. f3 Rxa4 36. Qxg5+ Kf8 37. Qd8+ Kg7 38. Rh1 Rf4 39. Rh5 Rf8 40. Qh4 h6 41. g5 Qxd5 42. Qg4 Qd2+ 43. Kh3 hxg5 44. Rxg5+ Kf7 45. Rf5+ Ke8 46. Qg6+ Kd8 47. Rxf8+ Nxf8 48. Qb6+ Ke8 49. Qxc5 Qh6+ 50. Kg2 Qd2+ 51. Kg3 Qxb2 52. Qd5 Qb5 53. Qd2 Nd7 54. Kg4 Qc4+ 55. Kf5 Qf7+ 56. Ke4 Qg6+ 57. Kd5 Qc6# 0-1

[Event "Nuremberg LGA Cup 9th"]
[Site "Nuremberg"]
[Date "2012.09.09"]
[Round "6"]
[White "Holzmayr, Norbert"]
[Black "Schellmann, Frank"]
[Result "0-1"]
[WhiteElo "1823"]
[BlackElo "2120"]
[PlyCount "80"]
[EventDate "2012.09.06"]
[EventType "swiss"]
[EventRounds "7"]
[EventCountry "GER"]
[SourceTitle "CBM 150 Extra"]
[Source "ChessBase"]
[SourceDate "2012.10.19"]
[SourceVersion "1"]
[SourceVersionDate "2012.10.19"]
[SourceQuality "1"]

1. d4 f5 2. Bg5 g6 3. e3 Bg7 4. h4 h6 5. Bf4 Nf6 6. Nf3 d6 7. Nc3 e6 8. Qd3 0-0 9. Be2 Nc6 10. a3 Qe8 11. g3 e5 12. dxe5 dxe5 13. Nd5 Nxd5 14. Bxh6 Bxh6 15. Qxd5+ Be6 16. Qb5 a6 17. Qc5 Qe7 18. Qxe7 Nxe7 19. Nxe5 Bg7 20. Nd3 Bf7 21. g4 Rad8 22. g5 Nc6 23. 0-0-0 Rfe8 24. h5 gxh5 25. Nf4 Rxd1+ 26. Kxd1 Bxb2 27. g6 Ba2 28. Rxh5 Rd8+ 29. Ke1 Be5 30. Rxf5 Bxf4 31. Rxf4 Rd6 32. Rg4 Ne5 33. Rb4 b5 34. a4 c6 35. axb5 cxb5 36. Bf1 Nxg6 37. c4 Bxc4 38. Bxc4+ bxc4 39. Rxc4 Kg7 40. Ke2 Kf6 0-1

[Event "Nuremberg LGA Cup 9th"]
[Site "Nuremberg"]
[Date "2012.09.08"]
[Round "5"]
[White "Dehlinger, Alexander"]
[Black "Holzmayr, Norbert"]
[Result "1-0"]
[WhiteElo "2177"]
[BlackElo "1823"]
[PlyCount "49"]
[EventDate "2012.09.06"]
[EventType "swiss"]
[EventRounds "7"]
[EventCountry "GER"]
[SourceTitle "CBM 150 Extra"]
[Source "ChessBase"]
[SourceDate "2012.10.19"]
[SourceVersion "1"]
[SourceVersionDate "2012.10.19"]
[SourceQuality "1"]

1. Nf3 Nf6 2. c4 g6 3. g3 Bg7 4. Bg2 c6 5. d4 d6 6. 0-0 Qc7 7. Nc3 0-0 8. e4 Nbd7 9. h3 a6 10. Re1 e5 11. Be3 b5 12. dxe5 Nxe5 13. Nxe5 dxe5 14. Qc2 bxc4 15. Na4 Be6 16. Nc5 Qc8 17. Nxe6 Qxe6 18. Rec1 Rfd8 19. Kh2 Rab8 20. Rab1 c3 21. b3 Bf8 22. Qxc3 Ba3 23. Rd1 c5 24. Rxd8+ Rxd8 25. Qa5 1-0

[Event "Nuremberg LGA Cup 9th"]
[Site "Nuremberg"]
[Date "2012.09.07"]
[Round "4"]
[White "Holzmayr, Norbert"]
[Black "Schuster, Karsten"]
[Result "0-1"]
[WhiteElo "1823"]
[BlackElo "2266"]
[PlyCount "56"]
[EventDate "2012.09.06"]
[EventType "swiss"]
[EventRounds "7"]
[EventCountry "GER"]
[SourceTitle "CBM 150 Extra"]
[Source "ChessBase"]
[SourceDate "2012.10.19"]
[SourceVersion "1"]
[SourceVersionDate "2012.10.19"]
[SourceQuality "1"]

1. d4 Nf6 2. Bg5 b6 3. Nf3 Bb7 4. g3 e6 5. Rg1 Be7 6. e3 h6 7. Bxf6 Bxf6 8. Nbd2 c5 9. Bd3 d5 10. c3 Nc6 11. Nf1 Qc7 12. Nh4 e5 13. dxe5 Qxe5 14. f4 Qc7 15. Nf3 0-0-0 16. N3d2 Rhe8 17. Qa4 d4 18. Ne4 dxc3 19. Nxf6 cxb2 20. Bf5+ Kb8 21. Rb1 gxf6 22. Rxb2 Nd4 23. Bg4 Bf3 24. Kf2 Bxg4 25. exd4 Re4 26. Ne3 Rxf4+ 27. Kg2 Qb7+ 28. d5 Rxa4 0-1

[Event "Augsburg Afro op-A 18th"]
[Site "Augsburg"]
[Date "2011.08.05"]
[Round "4"]
[White "Kwossek, Georg"]
[Black "Holzmayr, Norbert"]
[Result "0-1"]
[WhiteElo "2048"]
[BlackElo "1826"]
[PlyCount "102"]
[EventDate "2011.08.04"]
[EventType "swiss"]
[EventRounds "7"]
[EventCountry "GER"]
[SourceTitle "EXT 2015"]
[Source "ChessBase"]
[SourceDate "2014.11.20"]
[SourceVersion "1"]
[SourceVersionDate "2014.11.20"]
[SourceQuality "1"]

1. d4 c5 2. d5 Nf6 3. Nf3 e6 4. Nc3 d6 5. g3 e5 6. Bg2 Na6 7. 0-0 Be7 8. Nd2 0-0 9. Nc4 Nc7 10. a4 b6 11. e4 Ba6 12. b3 Qc8 13. f4 b5 14. axb5 Nxb5 15. Ne2 exf4 16. gxf4 Nd4 17. Nxd4 cxd4 18. Qxd4 Ng4 19. Rxa6 Qxa6 20. Bb2 f6 21. Bf3 Nh6 22. Kh1 Qc8 23. Rg1 Qh3 24. Qf2 Qd7 25. Qg3 Bd8 26. Bd4 Rf7 27. f5 Bc7 28. Be3 Kh8 29. Bf4 Rd8 30. Ra1 Bb8 31. Ra6 Qb5 32. Ra5 Qd7 33. Ra6 Qb5 34. Rc6 Rfd7 35. Bxh6 gxh6 36. Qh4 Rf7 37. e5 Qb4 38. e6 Rg7 39. Bg4 h5 40. Qxh5 Qe1+ 41. Kg2 Rdg8 42. h3 Rg5 43. Qxg5 Rxg5 44. Nxd6 Bxd6 45. Rxd6 Qe4+ 46. Kg1 Qe3+ 47. Kh1 Qc1+ 48. Kg2 Qxc2+ 49. Kf1 Qd3+ 50. Kf2 Qd4+ 51. Ke2 Qe5+ 0-1

[Event "Augsburg Afro op"]
[Site "Augsburg"]
[Date "2003.08.08"]
[Round "4"]
[White "Holzmayr, Norbert"]
[Black "Kropp, Volker"]
[Result "0-1"]
[WhiteElo "1691"]
[BlackElo "2128"]
[PlyCount "56"]
[EventDate "2003.08.06"]
[EventType "swiss"]
[EventRounds "7"]
[EventCountry "GER"]
[SourceTitle "EXT 2006"]
[Source "ChessBase"]
[SourceDate "2005.11.24"]
[SourceVersion "1"]
[SourceVersionDate "2005.11.24"]
[SourceQuality "1"]

1. d4 Nf6 2. Bg5 Ne4 3. Bf4 d5 4. f3 Nf6 5. e3 c6 6. Bd3 Qb6 7. Qc1 Nh5 8. Ne2 Nd7 9. Nd2 Nxf4 10. Nxf4 e5 11. Ne2 Be7 12. 0-0 0-0 13. c3 f5 14. Nb3 e4 15. Bc2 a5 16. Rb1 Rf6 17. fxe4 fxe4 18. Rxf6 Nxf6 19. h3 Bd7 20. Nd2 Rf8 21. b4 axb4 22. cxb4 Nh5 23. Nb3 Bh4 24. g4 Rf2 25. Bxe4 Rxe2 26. Qa3 Qc7 27. Bg2 Bf2+ 28. Kh1 Ng3+ 0-1

[Event "Augsburg Afro op"]
[Site "Augsburg"]
[Date "2003.08.08"]
[Round "3"]
[White "Trapp, Robert"]
[Black "Holzmayr, Norbert"]
[Result "0-1"]
[WhiteElo "2004"]
[BlackElo "1691"]
[PlyCount "126"]
[EventDate "2003.08.06"]
[EventType "swiss"]
[EventRounds "7"]
[EventCountry "GER"]
[SourceTitle "EXT 2006"]
[Source "ChessBase"]
[SourceDate "2005.11.24"]
[SourceVersion "1"]
[SourceVersionDate "2005.11.24"]
[SourceQuality "1"]

1. f4 Nf6 2. Nf3 g6 3. e3 d5 4. d4 Bg7 5. Bd3 c5 6. c3 b6 7. Qe2 0-0 8. 0-0 Bg4 9. Bd2 Ne4 10. Be1 Nd6 11. Nbd2 Nd7 12. h3 Bf5 13. Bxf5 Nxf5 14. g4 Nd6 15. Bg3 Nf6 16. Ne5 c4 17. Qh2 Nfe4 18. Rad1 Nxd2 19. Rxd2 f5 20. g5 Ne4 21. Rg2 Bxe5 22. dxe5 e6 23. h4 Kf7 24. Rf3 Qd7 25. Be1 Qa4 26. Rc2 Qxa2 27. h5 Rg8 28. Rh3 Rg7 29. hxg6+ hxg6 30. Re2 Qb3 31. Kg2 Qa4 32. Rh8 Rxh8 33. Qxh8 Qe8 34. Qh1 Qg8 35. Kf3 Rh7 36. Rh2 Rxh2 37. Qxh2 Qg7 38. Qc2 Qh7 39. Qa4 Qh5+ 40. Kg2 Qe2+ 41. Kh3 Qxe3+ 42. Kg2 Qe2+ 43. Kh3 Qf1+ 44. Kh2 Qxf4+ 45. Kg2 Qg4+ 46. Kf1 Qf3+ 47. Kg1 Qg4+ 48. Kf1 Qf4+ 49. Ke2 Qxg5 50. Qxa7+ Qe7 51. Qxb6 g5 52. Qg1 f4 53. Qh1 Qf8 54. Kf3 Qg7 55. Qh5+ Qg6 56. Qh8 g4+ 57. Ke2 g3 58. Kf1 Ng5 59. Qd8 Qd3+ 60. Kg1 Nf3+ 61. Kg2 Nxe1+ 62. Kh3 g2+ 63. Kh2 Qg3+ 0-1